| 000 | 00563nam a2200181 u 4500 | ||
|---|---|---|---|
| 001 | 000266047 | ||
| 003 | AM-YeHGA | ||
| 005 | 20250618071754.0 | ||
| 008 | 030925s1996 ai r 000 0 arm d | ||
| 040 | _aAM-YeHGA | ||
| 100 | 1 |
_aՍիմոնյան, Կարեն Արամի, _d1936-2018 _98967 |
|
| 245 | 1 | 0 |
_aՔարանձավային պատմություններ կամ 1993 / _cԿարեն Ա. Սիմոնյան. |
| 260 |
_aԵրևան : _bԱ. հ, _c1996. |
||
| 300 | _a128 էջ | ||
| 650 | 1 | 4 | _aՀայ գրականություն |
| 942 |
_2udc _cBK |
||
| 090 | _c98006 | ||
| 999 |
_c96701 _d96701 |
||